| 000 | 00590nam a2200157 a 4500 | ||
|---|---|---|---|
| 005 | 20140412111426.0 | ||
| 008 | 090629s19uu xx 00 eng d | ||
| 020 | _a81-7862-162-2 | ||
| 050 |
_aTR(PS E _bOX1 2003 |
||
| 245 | _aThe Ox and the Frog and other stories. | ||
| 260 |
_aNew Delhi : _bSterling Press, _c2003. |
||
| 300 | _a16p. | ||
| 520 | _aTitles: Bee and the bull, A crow and a cockle, The hare and the tortoise, The ox and the frog, The raven and the swan, A country mouse and a town mouse, A cat and a dog, The ant and a grasshopper. | ||
| 650 | _aFables | ||
| 999 |
_c106234 _d106234 |
||